| 000 | 00305nam a22001097a 4500 | ||
|---|---|---|---|
| 082 |
_a952.031 _bDon |
||
| 245 | _aThe Russo-Japnese War Between San-De-Pu and Mukden | ||
| 260 |
_aLondon _bHugh Rees, Ltd _cc1913 |
||
| 300 |
_aP 202 _bill _c18cm |
||
| 526 |
_a0 _b0 _c0 _d952_031000000000000_DON |
||
| 942 |
_2ddc _cBK |
||
| 999 |
_c553101 _d553101 |
||